000 00608nam a22002177a 4500
003 UA-OsUOA
001 61472
007 ta
008 20090706b un ||||| |||| 00| 0 ukr d
100 _aБиркович Т.І.
090 _a94(477)
_bБ64
942 _cSA
040 _aUA-OsUOA
_bukr
_cUA-OsUOA
_dUA-OsUOA
245 _aПринципи дипломатичних відносин між Україною та Польщею
300 _aС.75-79
955 _a0
041 _aukr
080 _a94(477)
773 0 _w61471
650 7 _a9 Географія. Біографії. Історія
_2UDC
999 _c347979
_d347979